Statistics for Tiger Woods Filmography

Click here to take the quiz!

General Stats

  • This quiz has been taken 8 times
    (3 since last reset)
  • The average score is 2 of 38

Answer Stats

TypeYearName% Correct
Commercial2023TaylorMade
67%
Documentary Mini-Series2021Tiger
67%
Documentary Series2023Full Swing
33%
Commercial2013-2020Rolex
33%
TV Special2003100 Years of Hope and Humor
0%
TV Special202313 Green Jackets
0%
TV Documentary20182018 U.S. Open: Brooks Goes Back-to-Back
0%
Commercial2003-2004American Express
0%
Documentary Mini-Series2014Arnie
0%
TV Documentary2009Backstory: Darius Rucker
0%
TV Show2008Balls of Steel
0%
Commercial2020Bridgestone
0%
Commercial2001-2006Buick
0%
TV Special2009Champions of Gaming
0%
Documentary Series2016Chronicles of a Champion Golfer
0%
TV Show2008Dancing with the Stars
0%
TV Documentary2006Forbes Celebrity 100: Who Made Bank?
0%
Commercial2007General Motors OnStar Vehicle Assistance Service
0%
Short Film2016Gentlemen Only Ladies Forbidden: Puddy McFadden License to Golf
0%
TV Documentary1999Golf: Links in Time
0%
TV Documentary2011Seve: The Legend
0%
Film2014Seve: The Movie
0%
Documentary Series2009Spirit of the Open
0%
Short Documentary2018The Dream Still Lives
0%
TV Special2018The Match: Tiger vs. Phil
0%
TV Show1978The Mike Douglas Show
0%
TV Documentary2006Tiger at 30
0%
TV Documentary2020Tiger Slam
0%
TV Documentary2015Tiger's Six-Peat
0%
Documentary2004Tiger: The Authorised DVD Collection
0%
Documentary2019Tiger Woods: Chasing History
0%
Documentary2021Tiger Woods: Icon
0%
TV Documentary2007Tiger Woods: One on One
0%
Documentary1997Tiger Woods: Son, Hero & Champion
0%
Documentary2010Tiger Woods: The Rise and Fall
0%
TV Film2009Uneven Fairways
0%
TV Documentary2008We Have a Dream
0%
Documentary Series2008Who Made You?
0%

Score Distribution

Percentile by Number Answered

Percent of People with Each Score

Your Score History

You have not taken this quiz since the last reset